00303nam a2200133Ia 45000030006000000080041000060400015000471000025000622450019000872600030001063000006001365460010001420050017001520STCL150530s9999 xx 000 0 und d aSTCLcSTCL aSatyakam Vidyalankar aRashtra Purush bRajpal Sons ; Delhic1953 a0 aHindi20220125171326.0